000 00659nam a22001937a 4500
005 20230202035010.0
008 230202b |||||||| |||| 00| 0 eng d
020 _a971-08-6419-x
082 _aFil. 371.26 C164 2004
100 _aCalmorin, Laurentina P.
_eauthor
245 _aMeasurement and evaluation /
_cLaurentina P. Calmorin
250 _a3rd ed.
260 _aMandaluyong City:
_bNational Book Store,
_cc2004
300 _a329p.:
_bill.
504 _aIncludes bibliographies and index
541 _e1701 c.1, 1702 c.2, 1703 c.3, 1704 c.4, 1705 c.5, 3099 c.6, 3100 c.7
650 _aEducational tests and measurements
650 _aEducational evaluation
999 _c864
_d864